River quiz - Statistics

General Stats
  • This quiz has been taken 51 times
    13 since last reset
  • The average score is 15 of 23
Answer Stats
Hint Answer % Correct
Longest river in the world Nile
100%
River that carries the most water Amazon
91%
River between Texas and Mexico Rio Grande
91%
River that runs through Paris Seine
91%
Longest river in asia Yangtze
91%
Second largest river in africa Congo
82%
The most sacred river in Hinduism Ganges
82%
Longest river in the usa Mississippi
82%
Second largest river in Europe Rhine
82%
River that runs through London Thames
82%
Longest river in europe Volga
82%
Real name of the Yellow river Huang He
64%
Largest tributary river of the Mississippi Missouri
64%
River that Burkina Faso was originally named after Volta
64%
Largest river in South Africa Orange
55%
River that Washington D.C. Is on Potomac
55%
River that has the same name as the country that surrounds gambia Senegal
55%
Evel Knievel attempeted to jump the canyon created by this Idaho river Snake
55%
River that Baghdad is on Euphrates
45%
Longest river in canada Mackenzie
45%
River that runs through seoul Han
27%
Found mostly in Pennsylvanian, it is the longest non-navigable River in the USA Susquehanna
27%
Lowest point of the Czech republic Labe
18%
No matching quizzes found
Score Distribution
Percent of People with Each Score
Percentile by Number Answered
Your Score History
You have not taken this quiz since the last reset